Re-configuring higher education in the context of 21st century India (Record no. 510499)
[ view plain ]
| 000 -LEADER | |
|---|---|
| fixed length control field | 00375nam a2200133 4500 |
| 008 - FIXED-LENGTH DATA ELEMENTS--GENERAL INFORMATION | |
| fixed length control field | 190819b ||||| |||| 00| 0 eng d |
| 100 ## - MAIN ENTRY--PERSONAL NAME | |
| Personal name | Tank, Harsh B. |
| 245 ## - TITLE STATEMENT | |
| Title | Re-configuring higher education in the context of 21st century India |
| 260 ## - PUBLICATION, DISTRIBUTION, ETC. (IMPRINT) | |
| Date of publication, distribution, etc | 2019 |
| 300 ## - PHYSICAL DESCRIPTION | |
| Extent | p.10-13. |
| 773 ## - HOST ITEM ENTRY | |
| Main entry heading | University News |
| 906 ## - LOCAL DATA ELEMENT F, LDF (RLIN) | |
| Subject DIP | Higher education - India |
| 942 ## - ADDED ENTRY ELEMENTS (KOHA) | |
| Source of classification or shelving scheme | |
| Item type | Articles |
| Withdrawn status | Lost status | Source of classification or shelving scheme | Damaged status | Not for loan | Permanent location | Current location | Date acquired | Serial Enumeration / chronology | Barcode | Date last seen | Koha item type |
|---|---|---|---|---|---|---|---|---|---|---|---|
| Indian Institute of Public Administration | Indian Institute of Public Administration | 2019-08-19 | 57(20), 20 May, 2019: p.10-13. | AR120366 | 2019-08-19 | Articles |
